| 000 | 01558 a2200205 4500 | ||
|---|---|---|---|
| 003 | NUST | ||
| 005 | 20221124125901.0 | ||
| 010 | _a 81012353 | ||
| 020 | _a0070088675 | ||
| 040 | _cNust | ||
| 082 | 0 | 0 | _a530,BUE |
| 100 | 1 |
_aBueche, F. _939737 |
|
| 245 | 1 | 0 |
_aPrinciples of physics / _cF. Bueche. |
| 250 | _a 3rd ed. | ||
| 260 |
_aNew York : _bMcGraw-Hill, _cc1977. |
||
| 300 |
_axx, 756 p. : _bill. ; _c24 cm. |
||
| 505 | _aVectors and Balanced Forces(Page-1), Uniformly Accelerated Motion(Page-21), Forces and Linear Motion(Page-45), Motion Under the Action of gravity (Page-69), Work and Energy (Page-87), Momentum and The Pressure of Gases (Page-115), Angular Motion and Centripetal Force (Page-135), Rotation of Gorged Bodies(Page-157), Mechanical Properties of Matter (Page-189), temperature, Motion ,and The Gas Law (Page-223), Thermal Properties of Matter (Page-247), Thermodynamics (Page-275), Vibratory Motion (Page-303), Wave Motion (Page-319), Sound (Page--337) Electronic Charges AT Rest : Electrostatics(Page-359), Circuit Elements and Their Behavior (Page-383), Direct-Current Circuits (Page-409), Magnetic(Page-437) Electromechanical Devices (Page-465), Alternating Currents and Reactive Circuits (Page-489), Electronics and Electromagnetic Waves (Page-509),The properties of light (Page-537), Optical Devices(Page-569), Interference and diffraction (Page-591), Atomic Structure and The Emission of Light (Page-649),The Atomic Nucleus (Page-685), Physics of The Universe (Page-715 ). | ||
| 650 | 0 | _aPhysics. | |
| 942 |
_2ddc _cBK _k530,BUE |
||
| 999 |
_c181350 _d181350 |
||